000 00789nas a2200265 4500
001 BR9802041
003 BR-BrBNA
005 20231205101007.0
007 ta
008 230509b bl.|||p| |||| 00| 00por d
040 _aBR-BrBNA
_bpor
_cBiblioteca Nacional de Agricultura
041 _a(Pt)
072 _aN20; F06
100 1 _aCainelli, V.H.
100 1 _aRobaina, A.D.
100 1 _aCarlesso, R.
100 1 _aDotto, C.R.D.
245 1 _aDesempenho e uniformidade da distribuicao de agua de um pivo central
650 _aEquipamento de Irrigacao
650 _aAgua
650 _aIrrigacao por Aspersao
773 0 _tCiencia Rural (Brazil)
_xISSN 0103-8478
_g(Jan-Mar 1998), v. 28(1) p. 35-40
_wBR9802041
909 _a202311
_bLúcia
_c55
_dLúcia Elande
942 _2AGRIS
_n0
_cANA
999 _c159206
_d159206